Untold stories of d-day (Record no. 5508)

MARC details
000 -LEADER
fixed length control field 00554nam a22001817a 4500
005 - DATE AND TIME OF LATEST TRANSACTION
control field 20250513143403.0
008 - FIXED-LENGTH DATA ELEMENTS--GENERAL INFORMATION
fixed length control field 250513b |||||||| |||| 00| 0 eng d
040 ## - CATALOGING SOURCE
Transcribing agency DepED Dasmarinas City
245 ## - TITLE STATEMENT
Title Untold stories of d-day
250 ## - EDITION
Edition statement June 2002 Vol. 201 No. 6
490 ## - SERIES STATEMENT
SERIES STATEMENT National Geographic
520 ## - SUMMARY, ETC.
Summary, etc. Untold Stories of D-Day, Saluting the Troops, Great Northern Forest, Beast of the Boreal, Jamestown, Long Road Home, Andes Empires, Ames, Lowa
650 ## - SUBJECT ADDED ENTRY--TOPICAL TERM
General subdivision D-DAY
650 ## - SUBJECT ADDED ENTRY--TOPICAL TERM
General subdivision BOREAL FOREST
650 ## - SUBJECT ADDED ENTRY--TOPICAL TERM
General subdivision JAMESTOWN
650 ## - SUBJECT ADDED ENTRY--TOPICAL TERM
General subdivision ANDES
942 ## - ADDED ENTRY ELEMENTS (KOHA)
Source of classification or shelving scheme Dewey Decimal Classification
Koha item type Continuing Resources
999 ## -
-- 5508
-- 5508
Holdings
Homebranch current branch Barcode
DepED Dasmarinas City DepED Dasmarinas City DSMSR062002-071